000 00700nam a2200241Ia 4500
003 OSt
005 20220925210704.0
006 a|||||r|||| 00| 0
007 ta
008 220923b |||||||| |||| 00| 0 eng d
037 _cGeneral Book
040 _aRTL
_cRTL
_beng
041 _2eng
_aeng
082 _aX9(KZ31).44Q7.N8, M9
100 _aAfzal M Ed.
_9272923
245 0 _aDairy technology in Pakistan
260 _aIslamabad
_bARC
_c1989
300 _a125p.
_ccm.
490 _aPakistan Agriculture Research Council, Publication
650 _aAnimal Husbandry Industry
942 _hX9(KZ31).44Q7.N8, M9
_cGB
_2CC
999 _c555755
_d555755